000 00292nam a2200133Ia 4500
008 100328s9999 xx 000 0 und d
082 _b47479
100 _aMartini Steve
245 _aThe Judge
260 _bHeadline books
630 _aThe Judge
730 _aThe Judge
942 _cBOOK
999 _c535254
_d535251